000 00626cam a2200217 a 4500
001 2052297
005 20231122010235.0
008 930909s1994 enk b 001 0 eng
020 _a0415091659
020 _a0415091667 (pbk.)
040 _aDLC
_cDLC
_dDLC
082 0 0 _a305.42/01
_220
_bDIA
100 1 _aElam, Diane,
245 1 0 _aFeminism and deconstruction :
_bMs. en abyme /
_cDiane Elam.
260 _aLondon ;
_aNew York :
_bRoutledge,
_c1994.
300 _ax, 154 p. ;
650 0 _aFeminist theory.
650 0 _aDeconstruction.
856 4 2 _uhttp://www.loc.gov/catdir/enhancements/fy0648/93037369-d.html
942 _cL
999 _c50
_d50